00851nam a2200169 a 4500008004100000050002500041110008500066245017100151246008200322260008500404300001800489350000900507500003000516650004000546650004700586650004800633090422s1981 ||||||||||||||||| || u aGOV.ZAM(058)MOE/1977 aTechnical Education, Vocational and Entreprenuership Training Authority (TEVETA)10aMinistry of Education: department of technical education and vocational training annual report, 1977cBy the Department of Technical Education and Vocational Training aDepartment of Technical Education and Vocational Training Annual Report, 1979 aLusaka:bDepartment of Technical Education and Vocational Training (DTEVT)c1981 av, 41p.: ill. a0.00 aHoldings 1978; 1979; 1983 0aEDUCATIONAL TESTS AND MEASUREMENTS  aEDUCATION--ZAMBIA--HANDBOOKS, MANUALS, ETC aEDUCATION AND STATE--ANNUAL REPORTS--ZAMBIA